[Event "Mittelrhein Verbandsliga-W 18/19"]
[Site "Nordrheinwestfalen"]
[Date "2019.03.10"]
[Round "8.2"]
[White "Flatten, Arnold"]
[Black "Esser, Thomas"]
[Result "1-0"]
[WhiteElo "2070"]
[BlackElo "2005"]
[PlyCount "71"]
[EventDate "2018.09.02"]
[EventType "team-tourn"]
[EventRounds "11"]
[EventCountry "GER"]
[SourceTitle "EXT 2022"]
[Source "ChessBase"]
[SourceDate "2021.10.06"]
[SourceVersion "1"]
[SourceVersionDate "2021.10.06"]
[SourceQuality "1"]
[WhiteTeam "Lendersdorf"]
[BlackTeam "Aachen PTSV"]
[WhiteTeamCountry "GER"]
[BlackTeamCountry "GER"]

1. e4 c5 2. Nf3 Nc6 3. Bb5 e6 4. 0-0 Nge7 5. Re1 a6 6. Bf1 d5 7. exd5 Nxd5 8. d4 Nf6 9. c3 cxd4 10. cxd4 Be7 11. Nc3 0-0 12. Bg5 b5 13. Qd2 Bb7 14. Rad1 Nb4 15. Ne5 Nbd5 16. Bd3 Nxc3 17. bxc3 Nd5 18. Bxe7 Qxe7 19. f4 Rac8 20. Rc1 Rfe8 21. f5 Qh4 22. fxe6 fxe6 23. Re4 Qh5 24. Rg4 Nf6 25. Rf4 Qh6 26. Rcf1 Nd5 27. Nf7 Qh5 28. Be2 Qg6 29. Rg4 Qxf7 30. Rxf7 Kxf7 31. Rg3 Kg8 32. Qh6 Re7 33. Bd3 g6 34. Bxg6 hxg6 35. Qxg6+ Kh8 36. Rh3+ 1-0

[Event "Mittelrhein Verbandsliga-W 17/18"]
[Site "Nordrheinwestfalen"]
[Date "2017.11.12"]
[Round "4.1"]
[White "Pick, Stefan"]
[Black "Flatten, Arnold"]
[Result "1-0"]
[WhiteElo "2014"]
[BlackElo "2072"]
[PlyCount "59"]
[EventDate "2017.09.10"]
[EventType "team-tourn"]
[EventRounds "11"]
[EventCountry "GER"]
[SourceTitle "EXT 2022"]
[Source "ChessBase"]
[SourceDate "2021.10.06"]
[SourceVersion "1"]
[SourceVersionDate "2021.10.06"]
[SourceQuality "1"]
[WhiteTeam "Kerpen SK"]
[BlackTeam "Lendersdorf"]
[WhiteTeamCountry "GER"]
[BlackTeamCountry "GER"]

1. d4 Nf6 2. Nf3 g6 3. g3 Bg7 4. Bg2 0-0 5. 0-0 d6 6. c4 Nbd7 7. Nc3 c5 8. d5 a6 9. a4 b6 10. e4 Rb8 11. Qe2 Qc7 12. Re1 Bb7 13. Bd2 h6 14. h3 Kh7 15. g4 Ng8 16. h4 Rbe8 17. h5 e6 18. g5 exd5 19. cxd5 Ne5 20. Nxe5 Bxe5 21. f4 Bg7 22. Qg4 Ne7 23. f5 Bd4+ 24. Kh1 gxf5 25. exf5 f6 26. g6+ Kg7 27. Bxh6+ Kxh6 28. g7 Rf7 29. Rxe7 Rxg7 30. Qxg7+ 1-0

[Event "Mittelrhein Verbandsliga-W 17/18"]
[Site "Nordrheinwestfalen"]
[Date "2017.10.01"]
[Round "2.2"]
[White "Flatten, Arnold"]
[Black "Kojic, Tigran"]
[Result "0-1"]
[WhiteElo "2072"]
[BlackElo "2348"]
[PlyCount "122"]
[EventDate "2017.09.10"]
[EventType "team-tourn"]
[EventRounds "11"]
[EventCountry "GER"]
[SourceTitle "EXT 2022"]
[Source "ChessBase"]
[SourceDate "2021.10.06"]
[SourceVersion "1"]
[SourceVersionDate "2021.10.06"]
[SourceQuality "1"]
[WhiteTeam "Lendersdorf"]
[BlackTeam "Alsdorf SVG"]
[WhiteTeamCountry "GER"]
[BlackTeamCountry "GER"]

1. e4 e5 2. Nf3 Nc6 3. Nc3 Nf6 4. Bb5 Nd4 5. Nxd4 exd4 6. e5 dxc3 7. exf6 Qxf6 8. bxc3 Be7 9. d4 0-0 10. 0-0 d5 11. Bd3 c6 12. Re1 Bd6 13. Qh5 h6 14. Re3 Bd7 15. Bd2 Rae8 16. Rf3 Qe6 17. Re3 Qg4 18. Qxg4 Bxg4 19. f3 Rxe3 20. Bxe3 Be6 21. g3 f5 22. Bf4 Bxf4 23. gxf4 Kf7 24. Kf2 Kf6 25. h4 g6 26. Rb1 b6 27. a3 Rc8 28. Ke3 c5 29. Ba6 cxd4+ 30. Kxd4 Rc5 31. Bb5 Ke7 32. a4 Kd6 33. Rg1 Bf7 34. Re1 Rc8 35. Ba6 Re8 36. Re5 Be6 37. Bb5 Rc8 38. Re1 Ke7 39. Rg1 Kf6 40. Re1 Rc7 41. Re5 Bf7 42. Re1 g5 43. fxg5+ hxg5 44. hxg5+ Kxg5 45. Re5 Kf6 46. f4 Be6 47. Re2 Rh7 48. Rf2 Rh1 49. Bf1 Rg1 50. c4 dxc4 51. Bxc4 Re1 52. Bd3 Ra1 53. Bb5 a6 54. Bc6 Ke7 55. Re2 Kd6 56. Be8 Rd1+ 57. Ke3 Kc5 58. Rh2 Re1+ 59. Kd2 Re4 60. Rh6 Bd5 61. Rh4 Rxe8 0-1

[Event "Mittelrhein Verbandsliga-W 16/17"]
[Site "Nordrheinwestfalen"]
[Date "2016.09.11"]
[Round "1.2"]
[White "Geerlings, Gerd"]
[Black "Flatten, Arnold"]
[Result "1-0"]
[WhiteElo "2060"]
[BlackElo "2042"]
[PlyCount "42"]
[EventDate "2016.09.11"]
[EventType "team-tourn"]
[EventRounds "11"]
[EventCountry "GER"]
[SourceTitle "EXT 2022"]
[Source "ChessBase"]
[SourceDate "2021.10.06"]
[SourceVersion "1"]
[SourceVersionDate "2021.10.06"]
[SourceQuality "1"]
[WhiteTeam "Eschweiler SC"]
[BlackTeam "Lendersdorf"]
[WhiteTeamCountry "GER"]
[BlackTeamCountry "GER"]

1. Nf3 Nf6 2. c4 g6 3. Nc3 d5 4. cxd5 Nxd5 5. g3 Bg7 6. Bg2 0-0 7. 0-0 a6 8. d4 c5 9. Nxd5 Qxd5 10. dxc5 Qxc5 11. Be3 Qb5 12. Rb1 Nc6 13. a4 Qh5 14. b4 e5 15. b5 Na5 16. Rb4 Bf6 17. Qd6 Be6 18. g4 Bxg4 19. Qxf6 Rae8 20. Rxg4 Re6 21. Qg5 Qxg5 1-0

[Event "Mittelrhein Verbandsliga-W 15/16"]
[Site "Nordrheinwestfalen"]
[Date "2016.02.21"]
[Round "8.3"]
[White "Horbach, Fabian"]
[Black "Flatten, Arnold"]
[Result "0-1"]
[WhiteElo "2006"]
[BlackElo "2065"]
[PlyCount "34"]
[EventDate "2015.09.06"]
[EventType "team-tourn"]
[EventRounds "11"]
[EventCountry "GER"]
[SourceTitle "EXT 2022"]
[Source "ChessBase"]
[SourceDate "2021.10.06"]
[SourceVersion "1"]
[SourceVersionDate "2021.10.06"]
[SourceQuality "1"]
[WhiteTeam "Herzogenrath"]
[BlackTeam "Lendersdorf"]
[WhiteTeamCountry "GER"]
[BlackTeamCountry "GER"]

1. d4 Nf6 2. c4 g6 3. Nf3 Bg7 4. Nc3 d5 5. h4 c5 6. Bg5 cxd4 7. Bxf6 Bxf6 8. Nxd5 Bg7 9. h5 0-0 10. hxg6 hxg6 11. Qd2 Nc6 12. 0-0-0 Be6 13. e4 dxe3 14. Qxe3 Qa5 15. Kb1 Rfd8 16. Qg5 Bf5+ 17. Ka1 Nb4 0-1

[Event "Mittelrhein Verbandsliga-W 15/16"]
[Site "Nordrheinwestfalen"]
[Date "2015.10.18"]
[Round "3.3"]
[White "Schulz, Wilhelm"]
[Black "Flatten, Arnold"]
[Result "0-1"]
[WhiteElo "1983"]
[BlackElo "2048"]
[PlyCount "46"]
[EventDate "2015.09.06"]
[EventType "team-tourn"]
[EventRounds "11"]
[EventCountry "GER"]
[SourceTitle "EXT 2022"]
[Source "ChessBase"]
[SourceDate "2021.10.06"]
[SourceVersion "1"]
[SourceVersionDate "2021.10.06"]
[SourceQuality "1"]
[WhiteTeam "Horrem"]
[BlackTeam "Lendersdorf"]
[WhiteTeamCountry "GER"]
[BlackTeamCountry "GER"]

1. e4 e6 2. c4 d5 3. exd5 exd5 4. d4 Nf6 5. Nc3 Nc6 6. Be3 Be6 7. c5 Bxc5 8. dxc5 d4 9. Bd2 dxc3 10. Bxc3 Qe7 11. Be2 0-0 12. Qc2 Qxc5 13. Nf3 Bf5 14. Qc1 Ne4 15. 0-0 Rfe8 16. Be1 Nd4 17. Nxd4 Qxd4 18. Bf3 Rad8 19. Qf4 Qxb2 20. Qxf5 Qxa1 21. Bxe4 g6 22. Qf3 Rd1 23. Qe2 Qd4 0-1

[Event "Mittelrhein-ch"]
[Site "Germany"]
[Date "2013.05.31"]
[Round "3"]
[White "Albrecht, Oliver"]
[Black "Flatten, Arnold"]
[Result "0-1"]
[WhiteElo "2073"]
[BlackElo "1964"]
[PlyCount "86"]
[EventDate "2013.05.29"]
[EventType "swiss"]
[EventRounds "5"]
[EventCountry "GER"]
[SourceTitle "EXT 2015"]
[Source "ChessBase"]
[SourceDate "2014.11.20"]
[SourceVersion "1"]
[SourceVersionDate "2014.11.20"]
[SourceQuality "1"]

1. d4 Nf6 2. c4 g6 3. Nc3 d5 4. cxd5 Nxd5 5. e4 Nxc3 6. bxc3 Bg7 7. Be3 c5 8. Qd2 Qa5 9. Nf3 Nc6 10. Rc1 cxd4 11. cxd4 Qxd2+ 12. Kxd2 0-0 13. d5 Rd8 14. Ke1 Nb4 15. Bd2 a5 16. Bc4 e6 17. Bg5 exd5 18. exd5 Re8+ 19. Be3 Bd7 20. Kd2 b5 21. Be2 Nxd5 22. Rc5 Nxe3 23. fxe3 b4 24. Bc4 Rec8 25. Rxc8+ Rxc8 26. Bd5 Rc5 27. e4 Kf8 28. Rf1 Bb5 29. Rd1 f5 30. Ng5 Bh6 31. h4 fxe4 32. Bxe4 Re5 33. Re1 Bc4 34. Bb1 Bxg5+ 35. hxg5 Rxg5 36. Rg1 Rg3 37. Ke1 Kg7 38. Kf2 Ra3 39. Rc1 Bxa2 40. Rc7+ Kh6 41. Be4 Be6 42. Re7 Bf5 43. Bd5 g5 0-1

[Event "Mittelrhein Verbandsliga-W 1112"]
[Site "Germany"]
[Date "2012.02.05"]
[Round "6.1"]
[White "Frost, Andreas"]
[Black "Flatten, Arnold"]
[Result "1-0"]
[WhiteElo "1904"]
[BlackElo "2017"]
[PlyCount "61"]
[EventDate "2011.09.18"]
[EventType "team-tourn"]
[EventRounds "11"]
[EventCountry "GER"]
[SourceTitle "EXT 2013"]
[Source "ChessBase"]
[SourceDate "2012.11.22"]
[SourceVersion "1"]
[SourceVersionDate "2012.11.22"]
[SourceQuality "1"]
[WhiteTeam "Wuerselen II"]
[BlackTeam "Lendersdorf"]
[WhiteTeamCountry "GER"]
[BlackTeamCountry "GER"]

1. d4 Nf6 2. c4 g6 3. Nc3 d5 4. g3 Bg7 5. Bg2 e6 6. Nf3 0-0 7. 0-0 Nbd7 8. Re1 b6 9. Ne5 Bb7 10. Bf4 c6 11. e4 a6 12. cxd5 cxd5 13. exd5 Nxd5 14. Nxd5 Bxd5 15. Bxd5 exd5 16. Nc6 Qf6 17. Ne7+ Kh8 18. Nxd5 Qxd4 19. Qxd4 Bxd4 20. Rad1 Bxb2 21. Nc7 Rad8 22. Bd6 Nc5 23. Bxf8 Rxf8 24. Re2 Bf6 25. Rd6 Bd8 26. Ne8 Bg5 27. Rxb6 f5 28. h4 Bh6 29. Re7 a5 30. Rc6 Ne4 31. Rcc7 1-0